Library Logo

بورڈزاف انٹرمیڈیٹ اینڈ سیکنڈری ایڈوکیشں : Urdu prose selection for higher secondary examinations / (Record no. 245778)

000 -LEADER
fixed length control field 00620nam a22001697a 4500
003 - CONTROL NUMBER IDENTIFIER
control field BD-DhUL
005 - DATE AND TIME OF LATEST TRANSACTION
control field 20200308121252.0
008 - FIXED-LENGTH DATA ELEMENTS--GENERAL INFORMATION
fixed length control field 190114s1969 bg ||||| |||| 00| 0 urd d
040 ## - CATALOGING SOURCE
Original cataloging agency BD-DhUL
Transcribing agency BD-DhUL
082 ## - DEWEY DECIMAL CLASSIFICATION NUMBER
Classification number 891.4308
Item number INT
110 2# - MAIN ENTRY--CORPORATE NAME
Corporate name or jurisdiction name as entry element انتخاب نثراردو
245 10 - TITLE STATEMENT
Title بورڈزاف انٹرمیڈیٹ اینڈ سیکنڈری ایڈوکیشں : Urdu prose selection for higher secondary examinations /
Statement of responsibility, etc. انتخاب نثراردو
260 ## - PUBLICATION, DISTRIBUTION, ETC. (IMPRINT)
Place of publication, distribution, etc. ڈھاکہ :
Name of publisher, distributor, etc. انتخاب نثراردو،
Date of publication, distribution, etc. ۔۱۹۶۹
300 ## - PHYSICAL DESCRIPTION
Extent ص۔ ۵۰۰ ؛
Dimensions ۲۲ سم۔
650 #4 - SUBJECT ADDED ENTRY--TOPICAL TERM
Topical term or geographic name as entry element Urdu Literature
942 ## - ADDED ENTRY ELEMENTS (KOHA)
Source of classification or shelving scheme
Koha item type Books
Holdings
Price effective from Date last seen Permanent Location Not for loan Date acquired Source of classification or shelving scheme Koha item type Lost status Withdrawn status Copy number Source of acquisition Collection code Damaged status Shelving location Barcode Current Location Full call number
2019-01-152019-01-15Dhaka University Library 2019-01-15 Books  1purchasedNon Fiction General StacksA295324Dhaka University Library891.4308 INT
Last Updated on September 15, 2019
© Dhaka University Library. All Rights Reserved|Staff Login